[Event "DEM U12 2005"]
[Site "Willingen GER"]
[Date "2005.05.18"]
[Round "6"]
[White "Gheng, Hannelore"]
[Black "Cornish, Alexander"]
[Result "0-1"]
[Termination "normal"]
[Board "26"]
[WhiteElo "1233"]
[BlackElo "1466"]
[PlyCount "42"]
[WhiteFideId "4637887"]
[EventCountry "GER"]
[EventRounds "11"]
[EventType "swiss"]
[EventDate "2005.05.15"]

1. e4 e6 2. d4 d5 3. Nd2 Nf6 4. Bd3 c5 5. c3 Nc6 6. Ngf3 Qb6 7. dxc5 Bxc5 8.
Qe2 O-O 9. e5 Nd7 10. Bxh7+ Kxh7 11. Ng5+ Kg6 12. Qd3+ f5 13. Nxe6 Bxf2+ 14.
Kd1 Ncxe5 15. Nxf8+ Nxf8 16. Qxd5 Qe6 17. Qb5 Ng4 18. Kc2 a6 19. Qd3 Bd7 20.
Kb1 Bc6 21. Rf1 Rd8 0-1

[Event "DEM U12 2005"]
[Site "Willingen GER"]
[Date "2005.05.18"]
[Round "6"]
[White "Bochis, Julia"]
[Black "Kreiter, Thomas"]
[Result "1-0"]
[Termination "normal"]
[Board "27"]
[WhiteElo "1461"]
[BlackElo "1312"]
[PlyCount "45"]
[WhiteFideId "24647276"]
[BlackFideId "24645591"]
[EventCountry "GER"]
[EventRounds "11"]
[EventType "swiss"]
[EventDate "2005.05.15"]

1. Nf3 Nf6 2. c4 Nc6 3. g3 g6 4. b3 Bg7 5. Bb2 d6 6. Bg2 Bf5 7. O-O O-O 8. d4
Qd7 9. Re1 d5 10. Ne5 Qe6 11. cxd5 Nxd5 12. e4 Nxe5 13. dxe5 Rad8 14. exd5 Bg4
15. dxe6 Rxd1 16. Rxd1 Bxd1 17. exf7+ Rxf7 18. Bd5 Bc2 19. Bxf7+ Kxf7 20. Na3
Bf5 21. Re1 e6 22. Nb5 c6 23. Nxa7 1-0

[Event "DEM U12 2005"]
[Site "Willingen GER"]
[Date "2005.05.18"]
[Round "6"]
[White "Dürre, Gregor"]
[Black "Pantusenko, Valeria"]
[Result "1-0"]
[Termination "normal"]
[Board "28"]
[WhiteElo "1319"]
[BlackElo "1459"]
[PlyCount "77"]
[BlackFideId "4662920"]
[EventCountry "GER"]
[EventRounds "11"]
[EventType "swiss"]
[EventDate "2005.05.15"]

1. e4 e5 2. Nf3 Nc6 3. Bc4 Nf6 4. d3 Be7 5. Nc3 d6 6. h3 O-O 7. Nd5 Na5 8.
Nxe7+ Qxe7 9. Bb3 Nxb3 10. axb3 c6 11. Bg5 d5 12. O-O Qd6 13. Re1 Re8 14. exd5
cxd5 15. d4 e4 16. Ne5 Nd7 17. Nxd7 Bxd7 18. Qd2 Qg6 19. Qe3 a6 20. c4 Bc6 21.
Re2 Re6 22. Ra5 Rd6 23. Bf4 Rd7 24. f3 Re8 25. cxd5 Bxd5 26. Rc5 f5 27. Kh2
Rde7 28. Be5 exf3 29. gxf3 Qe6 30. f4 Bxb3 31. Rg2 Bd5 32. Rg5 Bc6 33. Qg1 g6
34. Rc3 Qa2 35. d5 Qxb2+ 36. Qg2 Qb5 37. Rxg6+ hxg6 38. Qxg6+ Kf8 39. Qh6+ 1-0

[Event "DEM U12 2005"]
[Site "Willingen GER"]
[Date "2005.05.18"]
[Round "6"]
[White "Hubbuch, Fabian"]
[Black "Kazman, Caner"]
[Result "1-0"]
[Termination "normal"]
[Board "29"]
[WhiteElo "1452"]
[BlackElo "1283"]
[PlyCount "69"]
[BlackFideId "24684953"]
[EventCountry "GER"]
[EventRounds "11"]
[EventType "swiss"]
[EventDate "2005.05.15"]

1. e4 d5 2. Nc3 dxe4 3. Nxe4 Bf5 4. Ng3 Bg6 5. Nf3 Nf6 6. Bc4 Nc6 7. O-O e6 8.
c3 Bd6 9. d4 Qe7 10. Bg5 h6 11. Bh4 Bh7 12. Bxf6 Qxf6 13. Qe2 O-O-O 14. b4 g5
15. b5 Na5 16. Bd3 Bxd3 17. Qxd3 e5 18. Qf5+ Qxf5 19. Nxf5 e4 20. Nxd6+ Rxd6
21. Nd2 f5 22. Rae1 Re8 23. Re3 c6 24. bxc6 Nxc6 25. f3 Rde6 26. Rfe1 Ne7 27.
fxe4 Nd5 28. Rh3 fxe4 29. Nc4 e3 30. Ne5 e2 31. Rf3 Nf4 32. Re3 Nd5 33. R3xe2
Nf4 34. Rb2 Rxe5 35. Rxe5 1-0

[Event "DEM U12 2005"]
[Site "Willingen GER"]
[Date "2005.05.18"]
[Round "6"]
[White "Fittkau, Nico"]
[Black "Mertens, Fridolin"]
[Result "1-0"]
[Termination "normal"]
[Board "30"]
[WhiteElo "1369"]
[BlackElo "1443"]
[PlyCount "103"]
[BlackFideId "24671940"]
[EventCountry "GER"]
[EventRounds "11"]
[EventType "swiss"]
[EventDate "2005.05.15"]

1. e4 c5 2. Nf3 d6 3. c3 Nf6 4. Be2 e6 5. O-O Be7 6. Re1 O-O 7. Bf1 a6 8. d4 b5
9. Bg5 Bb7 10. Bxf6 Bxf6 11. Nbd2 Nd7 12. Rc1 e5 13. d5 Be7 14. a4 Qb6 15. b4
c4 16. a5 Qd8 17. Kh1 f5 18. Rc2 fxe4 19. Nxe4 Nf6 20. Nfg5 Bc8 21. Nxf6+ Rxf6
22. Ne4 Rf7 23. Be2 Bf5 24. Bf3 Qf8 25. Rce2 Bxe4 26. Rxe4 Rf4 27. Rxf4 Qxf4
28. Re4 Qf5 29. Kg1 Rf8 30. Qe2 Bg5 31. Bg4 Qf6 32. f3 Bf4 33. Qf2 Ra8 34. Be6+
Kf8 35. Qb6 Qd8 36. Qb7 Qe8 37. g3 Bd2 38. Rg4 Bh6 39. f4 exf4 40. gxf4 Rb8 41.
Qxa6 Qe7 42. Qc6 g6 43. a6 Bg7 44. Rg3 Bf6 45. f5 g5 46. Kg2 Be5 47. Re3 Bf4
48. Re2 Kg7 49. Qd7 Qxd7 50. Bxd7 Kf6 51. Bc6 Rb6 52. a7 1-0

[Event "DEM U12 2005"]
[Site "Willingen GER"]
[Date "2005.05.18"]
[Round "6"]
[White "Jussupow, Alexander"]
[Black "Marx, Joschka"]
[Result "1-0"]
[Termination "normal"]
[Board "31"]
[WhiteElo "1943"]
[BlackElo "1419"]
[PlyCount "123"]
[WhiteFideId "24613509"]
[BlackFideId "24645869"]
[EventCountry "GER"]
[EventRounds "11"]
[EventType "swiss"]
[EventDate "2005.05.15"]

1. d4 d5 2. c4 e6 3. Nc3 Nf6 4. cxd5 exd5 5. Bg5 Nbd7 6. e3 c6 7. Bd3 Be7 8.
Qc2 O-O 9. Nge2 Re8 10. h3 Nf8 11. O-O Bd7 12. Bxf6 Bxf6 13. b4 Rc8 14. Qb3 Qc7
15. Rac1 Qd6 16. b5 Red8 17. bxc6 Bxc6 18. Bb5 Qd7 19. Nf4 Bxb5 20. Nxb5 Ne6
21. Rxc8 Rxc8 22. Nxd5 a6 23. Nxf6+ gxf6 24. Nc3 b5 25. Nd5 Qd8 26. f4 Rc4 27.
Nc3 Nxd4 28. Qb2 Rxc3 29. exd4 Qxd4+ 30. Rf2 Rc4 31. Qe2 Qd7 32. Rf3 Qe6 33.
Qd3 Rc8 34. a3 Rc1+ 35. Kh2 Rc8 36. Rg3+ Kf8 37. Qxh7 Ke7 38. Qd3 Kf8 39. Qd4
Re8 40. Qc5+ Qe7 41. Qh5 Qe6 42. Qc5+ Qe7 43. Qb6 Qe6 44. Qa7 f5 45. Qc5+ Qe7
46. Qxf5 Qe6 47. Qc5+ Qe7 48. Qb6 Qe6 49. Qa7 Qf6 50. Qc5+ Qe7 51. Qh5 Qe6 52.
Rg5 Qf6 53. Rf5 Qg7 54. Qf3 Qg6 55. Qd5 Re7 56. Qc5 Qe6 57. Re5 Qf6 58. g3 a5
59. h4 a4 60. Qb4 Ke8 61. Qxb5+ Kf8 62. Qc5 1-0

[Event "DEM U12 2005"]
[Site "Willingen GER"]
[Date "2005.05.18"]
[Round "6"]
[White "Kammrad, Carolin"]
[Black "Berchtenbreiter, Maximilian"]
[Result "0-1"]
[Termination "normal"]
[Board "32"]
[WhiteElo "1385"]
[BlackElo "1631"]
[PlyCount "138"]
[BlackFideId "24641120"]
[EventCountry "GER"]
[EventRounds "11"]
[EventType "swiss"]
[EventDate "2005.05.15"]

1. e4 c5 2. Nf3 e6 3. d4 cxd4 4. Nxd4 Qb6 5. Nb3 Qc7 6. Bd3 Bd6 7. h3 Nf6 8.
Nc3 a6 9. O-O Be7 10. f4 d6 11. Be3 b5 12. Nd4 O-O 13. Rf3 Bb7 14. Rg3 Rd8 15.
Qe2 Nbd7 16. Bd2 Rac8 17. Re1 Nb6 18. b3 Qc5 19. Qf2 Nfd7 20. Nf3 Qxf2+ 21.
Kxf2 d5 22. exd5 Bc5+ 23. Kf1 Bxd5 24. Nxd5 Nxd5 25. c3 Bd6 26. Ne5 Nxe5 27.
fxe5 Be7 28. Rf3 Kf8 29. Bxh7 Nb6 30. Bc1 Ke8 31. Be4 Rc7 32. Bb2 Rd2 33. Re2
Rxe2 34. Kxe2 Nd7 35. c4 bxc4 36. bxc4 Rxc4 37. Bd3 Ra4 38. Bb1 Ra5 39. Bc3 Rc5
40. Bd4 Rd5 41. Rf4 Nxe5 42. Re4 Bd6 43. Bc3 a5 44. Ra4 Bc7 45. Be4 Rb5 46. Kd2
g6 47. Bc2 Ke7 48. Ke3 Nd7 49. Bd3 Rg5 50. Kf3 Rg3+ 51. Ke4 Nc5+ 52. Kd4 Nxa4
53. Be1 Rxg2 54. Bc4 Bb6+ 55. Kd3 Nb2+ 56. Kc3 Nxc4 57. Kxc4 Rxa2 58. Kb5 Re2
59. Bg3 Bd8 60. Bh4+ f6 61. Bg3 Re3 62. Bf2 Rxh3 63. Bc5+ Kf7 64. Bd4 Rh4 65.
Bc5 Rh5 66. Kc4 Rxc5+ 67. Kxc5 f5 68. Kb5 f4 69. Kc4 f3 0-1

[Event "DEM U12 2005"]
[Site "Willingen GER"]
[Date "2005.05.18"]
[Round "6"]
[White "Riabov, Igor"]
[Black "Dorn, Carina"]
[Result "1/2-1/2"]
[Termination "normal"]
[Board "33"]
[WhiteElo "1380"]
[BlackElo "1554"]
[PlyCount "97"]
[BlackFideId "24666335"]
[EventCountry "GER"]
[EventRounds "11"]
[EventType "swiss"]
[EventDate "2005.05.15"]

1. d4 d5 2. c4 e6 3. Nc3 c6 4. Nf3 f5 5. Bf4 Nf6 6. e3 Be7 7. cxd5 exd5 8. Bd3
O-O 9. O-O Ne4 10. Bxe4 fxe4 11. Ne5 Qe8 12. f3 exf3 13. Rxf3 Nd7 14. Bg3 Rxf3
15. Qxf3 Nxe5 16. Bxe5 Qg6 17. Rf1 Be6 18. Ne2 Qg4 19. Qxg4 Bxg4 20. Ng3 Bg5
21. Bf4 Bf6 22. h3 Bd7 23. Kf2 Re8 24. Rd1 Be6 25. Kg1 Bf7 26. Rc1 Bg6 27. a3
Rc8 28. b4 a6 29. Kf2 Kf7 30. Ke2 Ke7 31. Kf2 h6 32. Ke2 Ke6 33. Kd2 Bf7 34.
Ne2 g5 35. Bh2 Bg6 36. Nc3 Bd8 37. Rf1 Bc7 38. Bxc7 Rxc7 39. g4 Rc8 40. Ke2 Re8
41. Na4 Ke7 42. Nc5 Rb8 43. Nd3 Bxd3+ 44. Kxd3 Rd8 45. Kc3 Rd6 46. Kb3 Rf6 47.
Rxf6 Kxf6 48. a4 b5 49. a5 1/2-1/2

[Event "DEM U12 2005"]
[Site "Willingen GER"]
[Date "2005.05.18"]
[Round "6"]
[White "Mirke, Roy"]
[Black "Hohmann, Louisa"]
[Result "1/2-1/2"]
[Termination "normal"]
[Board "34"]
[WhiteElo "1549"]
[BlackElo "1301"]
[PlyCount "57"]
[WhiteFideId "24647306"]
[EventCountry "GER"]
[EventRounds "11"]
[EventType "swiss"]
[EventDate "2005.05.15"]

1. d4 d5 2. Nf3 e6 3. e3 Nf6 4. Bd3 c5 5. c3 Nc6 6. Nbd2 Bd6 7. O-O O-O 8. dxc5
Bxc5 9. Nb3 Bb6 10. Nbd4 Qc7 11. Qe2 a6 12. h3 e5 13. Nxc6 bxc6 14. e4 Re8 15.
Bd2 h6 16. Rae1 Nh5 17. Kh1 Nf4 18. Bxf4 exf4 19. Qd2 Bb7 20. e5 Re6 21. Qxf4
Bc5 22. b4 Ba7 23. Nd4 Bxd4 24. cxd4 Qb6 25. a3 a5 26. Rb1 Re7 27. Rfe1 axb4
28. axb4 Ra4 29. Bc2 1/2-1/2

[Event "DEM U12 2005"]
[Site "Willingen GER"]
[Date "2005.05.18"]
[Round "6"]
[White "Bräuer, Franz"]
[Black "Micklich, Rahel"]
[Result "1-0"]
[Termination "normal"]
[Board "35"]
[WhiteElo "1546"]
[BlackElo "1294"]
[PlyCount "105"]
[WhiteFideId "24634468"]
[BlackFideId "24639184"]
[EventCountry "GER"]
[EventRounds "11"]
[EventType "swiss"]
[EventDate "2005.05.15"]

1. e4 c5 2. Nf3 d6 3. Bb5+ Bd7 4. Bxd7+ Nxd7 5. c4 Ngf6 6. Nc3 g6 7. O-O Bg7 8.
d4 cxd4 9. Nxd4 a6 10. Be3 Ne5 11. b3 Neg4 12. Bc1 Qa5 13. Bb2 h5 14. h3 Qg5
15. Nf3 Qh6 16. Bc1 g5 17. Nxg5 Qg6 18. f4 Bh6 19. Nd5 Rc8 20. hxg4 Bxg5 21.
fxg5 Nxe4 22. Bb2 e5 23. Nf6+ Nxf6 24. gxf6 Rd8 25. Qe2 Qxg4 26. Qxg4 hxg4 27.
Kf2 Kd7 28. Rh1 Ke6 29. Rxh8 Rxh8 30. Rd1 Rh6 31. Kg3 Rxf6 32. Ba3 Kd7 33. c5
e4 34. Rxd6+ Rxd6 35. cxd6 e3 36. Kxg4 f5+ 37. Kxf5 a5 38. Bc1 e2 39. Bd2 Kxd6
40. Ke4 b6 41. Ke3 Ke5 42. Kxe2 Ke6 43. Bc3 Kf7 44. Kf3 Kg8 45. Kf4 Kf8 46. Kf5
Kf7 47. g4 Ke7 48. g5 Kf8 49. Kf6 Kg8 50. g6 Kf8 51. a4 Kg8 52. g7 Kh7 53. Kf7
1-0

[Event "DEM U12 2005"]
[Site "Willingen GER"]
[Date "2005.05.18"]
[Round "6"]
[White "Blübaum, Johanna"]
[Black "Kormann, Jewgenija"]
[Result "1-0"]
[Termination "normal"]
[Board "36"]
[WhiteElo "1542"]
[BlackElo "1210"]
[PlyCount "119"]
[WhiteFideId "24647373"]
[BlackFideId "24606669"]
[EventCountry "GER"]
[EventRounds "11"]
[EventType "swiss"]
[EventDate "2005.05.15"]

1. d4 d5 2. c4 e6 3. Nc3 Nf6 4. cxd5 exd5 5. Bg5 Be7 6. e3 Nbd7 7. Bd3 c6 8.
Nge2 Ng4 9. Bxe7 Qxe7 10. Ng3 Ngf6 11. Nf5 Qf8 12. O-O g6 13. Ng3 Qh6 14. Qe2
O-O 15. f3 Nb6 16. Rae1 Bd7 17. e4 Rae8 18. e5 Nh5 19. Nxh5 Qxh5 20. Qf2 Qg5
21. f4 Qh5 22. f5 Bxf5 23. Bxf5 Qxf5 24. Qxf5 gxf5 25. Rxf5 f6 26. Nd1 fxe5 27.
Rxf8+ Rxf8 28. dxe5 Re8 29. Nf2 Nd7 30. Nd3 Kf7 31. g4 b6 32. Kg2 c5 33. Kg3 a5
34. h4 h6 35. g5 hxg5 36. hxg5 Kg6 37. Kg4 d4 38. Nf4+ Kg7 39. e6 Nf8 40. Nh5+
Kg6 41. e7 Nd7 42. Nf4+ Kf7 43. g6+ Kg8 44. Nd5 d3 45. Kf5 Kg7 46. Ke6 Nf8+ 47.
Kf5 Nxg6 48. Rg1 d2 49. Rxg6+ Kh7 50. Rg1 Kh6 51. Kf6 Kh5 52. Kf7 Ra8 53. e8=Q
Rxe8 54. Kxe8 c4 55. Nxb6 c3 56. bxc3 a4 57. Nc4 d1=Q 58. Rxd1 Kh4 59. Rg1 Kh3
60. Kf7 1-0

[Event "DEM U12 2005"]
[Site "Willingen GER"]
[Date "2005.05.18"]
[Round "6"]
[White "Wild, Katharina"]
[Black "Tantzen, Cedric"]
[Result "1-0"]
[Termination "normal"]
[Board "37"]
[WhiteElo "1294"]
[BlackElo "1538"]
[PlyCount "83"]
[WhiteFideId "24678015"]
[BlackFideId "24640018"]
[EventCountry "GER"]
[EventRounds "11"]
[EventType "swiss"]
[EventDate "2005.05.15"]

1. c4 e5 2. Nc3 Nf6 3. Nf3 Nc6 4. g3 d5 5. cxd5 Nxd5 6. Bg2 Nb6 7. O-O Be6 8.
a3 Be7 9. d3 O-O 10. b4 Qd7 11. Re1 f6 12. Bd2 Rab8 13. Rc1 Bh3 14. Bh1 f5 15.
Qb3+ Kh8 16. Qb2 f4 17. Ne4 fxg3 18. hxg3 Bd6 19. Bc3 Na4 20. Qa1 Nxc3 21. Qxc3
a6 22. d4 exd4 23. Nxd4 Nxd4 24. Qxd4 Bf5 25. Red1 Rfd8 26. Nf6 Qf7 27. Ng4
Bxg4 28. Qxg4 Rf8 29. Qf3 Qxf3 30. Bxf3 g6 31. Bg2 Kg7 32. e4 g5 33. Rd5 Kf6
34. Re1 Rfe8 35. f4 gxf4 36. gxf4 Kf7 37. Bf3 Kg8 38. e5 Be7 39. Re4 Rbd8 40.
f5 c6 41. Rxd8 Rxd8 42. f6 1-0

[Event "DEM U12 2005"]
[Site "Willingen GER"]
[Date "2005.05.18"]
[Round "6"]
[White "Begeluri, Nino"]
[Black "Ohnmacht, Simon"]
[Result "1/2-1/2"]
[Termination "normal"]
[Board "38"]
[WhiteElo "1167"]
[BlackElo "1516"]
[PlyCount "111"]
[BlackFideId "24672980"]
[EventCountry "GER"]
[EventRounds "11"]
[EventType "swiss"]
[EventDate "2005.05.15"]

1. e4 d6 2. d4 Nf6 3. Nc3 c6 4. Nf3 Bg4 5. Bc4 e6 6. Bg5 h6 7. Bh4 Be7 8. Qd2
d5 9. exd5 cxd5 10. Bb5+ Nbd7 11. Ne5 g5 12. Bxg5 hxg5 13. Bxd7+ Nxd7 14. Nxg4
Qc7 15. Qe3 O-O-O 16. Ne5 Nxe5 17. Qxe5 Qb6 18. O-O-O Bb4 19. Qe3 Kb8 20. a3
Bd6 21. Kb1 Bxa3 22. Na4 Qc6 23. Qxa3 Rc8 24. Qg3+ Rc7 25. Nc3 Rhc8 26. Qd3 a6
27. Rc1 Qd6 28. Na2 Ka8 29. Qa3 Qc6 30. c3 Qb6 31. Qb4 Qa7 32. h4 Rc4 33. Qb3
Qb8 34. g3 gxh4 35. Rxh4 Qd6 36. Qa3 Qd8 37. b3 R4c6 38. Rh7 Qg5 39. Qb2 Rb6
40. b4 Ka7 41. Rhh1 Qf5+ 42. Qc2 Qf3 43. Rhe1 a5 44. Re3 Qf6 45. Qa4 Qxf2 46.
Rd3 Qe2 47. Qc2 Qe4 48. Rdd1 Qg4 49. Qd3 Rc4 50. Ka1 Qg8 51. Rb1 Ra6 52. Kb2
Qe8 53. Qc2 Qb5 54. Kc1 Rac6 55. Qb3 axb4 56. Kd2 1/2-1/2

[Event "DEM U12 2005"]
[Site "Willingen GER"]
[Date "2005.05.18"]
[Round "6"]
[White "Wolf, Isaak"]
[Black "Saak, Saskia"]
[Result "1-0"]
[Termination "normal"]
[Board "39"]
[WhiteElo "1470"]
[BlackElo "1167"]
[PlyCount "67"]
[EventCountry "GER"]
[EventRounds "11"]
[EventType "swiss"]
[EventDate "2005.05.15"]

1. e4 e6 2. d4 d5 3. exd5 exd5 4. Nc3 c6 5. Nf3 Nf6 6. Bg5 Be7 7. Bd3 Bg4 8.
O-O Nbd7 9. Re1 O-O 10. Re3 Re8 11. Qd2 Qc7 12. h3 Bxf3 13. Rxf3 Bd6 14. Re1 b6
15. Kf1 Qb7 16. Bxf6 Nxf6 17. Qg5 Nd7 18. Bxh7+ Kf8 19. Rxf7+ Kxf7 20. Qg6+ Kf8
21. Qxd6+ Kf7 22. Bg6+ Kg8 23. Rxe8+ Rxe8 24. Bxe8 Nf6 25. Qxc6 Qa6+ 26. Kg1
Qc4 27. Qxc4 dxc4 28. Bb5 Kh7 29. Bxc4 Ne8 30. d5 Kg6 31. f3 Kf6 32. Kf2 Ke5
33. Ke3 g5 34. Ne4 1-0

[Event "DEM U12 2005"]
[Site "Willingen GER"]
[Date "2005.05.18"]
[Round "6"]
[White "Schulz, Anja"]
[Black "Weißenburg, Isabel"]
[Result "1/2-1/2"]
[Termination "normal"]
[Board "40"]
[WhiteElo "1444"]
[BlackElo "1146"]
[PlyCount "61"]
[WhiteFideId "24647845"]
[BlackFideId "4612922"]
[EventCountry "GER"]
[EventRounds "11"]
[EventType "swiss"]
[EventDate "2005.05.15"]

1. e4 d5 2. exd5 Nf6 3. c4 c6 4. Nc3 Bf5 5. d4 cxd5 6. Bf4 a6 7. h3 Nc6 8. Nf3
e6 9. Be2 Bb4 10. O-O Bxc3 11. bxc3 Ne4 12. Qb3 b6 13. Rfc1 g5 14. Be5 Rg8 15.
Nh2 Nxe5 16. dxe5 d4 17. Qa4+ Kf8 18. Qb4+ Kg7 19. Bf3 a5 20. Qa3 Nxc3 21. Rxc3
dxc3 22. Bxa8 Qxa8 23. Qxc3 Kh8 24. Rd1 g4 25. hxg4 Bxg4 26. Nxg4 Rxg4 27. g3
Rg5 28. Rd4 Rh5 29. Rh4 Rxh4 30. gxh4 Qg8+ 31. Qg3 1/2-1/2

[Event "DEM U12 2005"]
[Site "Willingen GER"]
[Date "2005.05.18"]
[Round "6"]
[White "Lauer, Florian"]
[Black "Stitterich, Nadine"]
[Result "1-0"]
[Termination "normal"]
[Board "41"]
[WhiteElo "1382"]
[BlackElo "1301"]
[PlyCount "127"]
[WhiteFideId "12910074"]
[BlackFideId "24676527"]
[EventCountry "GER"]
[EventRounds "11"]
[EventType "swiss"]
[EventDate "2005.05.15"]

1. e4 e5 2. Bc4 Nf6 3. Nc3 Bc5 4. Nf3 d6 5. O-O Nc6 6. d3 a6 7. a3 h6 8. b4 Ba7
9. Bb2 O-O 10. Qd2 Bg4 11. Ne1 Nd4 12. h3 Bd7 13. Ne2 Nxe2+ 14. Qxe2 Re8 15. c3
Be6 16. Bxe6 Rxe6 17. Bc1 Qe8 18. Qf3 Rd8 19. Qg3 Nh7 20. Qf3 Qc6 21. Bb2 Ng5
22. Qe2 Rg6 23. Kh2 Nh7 24. f4 exf4 25. Rxf4 Re8 26. d4 Qd7 27. Nd3 Rge6 28.
Raf1 R6e7 29. e5 Qe6 30. Qh5 dxe5 31. Nxe5 Rf8 32. Qf3 c6 33. h4 Nf6 34. c4 Bb8
35. Re1 Bxe5 36. dxe5 Nd7 37. Rfe4 Rfe8 38. Qe2 Nf8 39. h5 Nh7 40. g4 Ng5 41.
Re3 Rd8 42. Kg3 Red7 43. Bc3 Rc8 44. Kf2 c5 45. Rc1 cxb4 46. Bxb4 Rdc7 47. Rec3
f6 48. exf6 Qxf6+ 49. Kg3 Qd4 50. Rd3 Qf6 51. Rd6 Qf7 52. Rd4 Re8 53. Qd3 Ne6
54. Re4 Nc5 55. Rxe8+ Qxe8 56. Qd5+ Kh7 57. Bxc5 Rd7 58. Qf5+ Kg8 59. Rf1 Rd8
60. Kh4 Rc8 61. Qd5+ Kh7 62. Bb4 b6 63. Rf8 Qc6 64. Qf5+ 1-0

[Event "DEM U12 2005"]
[Site "Willingen GER"]
[Date "2005.05.18"]
[Round "6"]
[White "Dilz, Jasmin"]
[Black "Nguyen Minh, Thuy"]
[Result "1/2-1/2"]
[Termination "normal"]
[Board "43"]
[WhiteElo "1138"]
[BlackElo "1328"]
[PlyCount "70"]
[BlackFideId "24672688"]
[EventCountry "GER"]
[EventRounds "11"]
[EventType "swiss"]
[EventDate "2005.05.15"]

1. b4 e5 2. Bb2 d6 3. b5 c6 4. a4 Bd7 5. e3 a6 6. c4 g6 7. Nc3 Bg7 8. Qc2 Nf6
9. d3 O-O 10. Be2 Re8 11. Rc1 Re7 12. Nf3 Qe8 13. Nd2 axb5 14. axb5 cxb5 15.
Nde4 Nxe4 16. dxe4 bxc4 17. Nd5 Ba4 18. Nxe7+ Qxe7 19. Qxc4 Nc6 20. Ra1 Qd7 21.
Rxa4 Rb8 22. Qb5 Qc7 23. O-O Bf6 24. Rfa1 Bd8 25. Ra8 Rxa8 26. Rxa8 Kg7 27. g3
b6 28. f4 Ne7 29. Qa6 Nc6 30. Qc8 Ne7 31. Qxd8 Qc2 32. Qxe7 Qxe2 33. Qf8+ Kf6
34. Qxd6+ Kg7 35. Bxe5+ Kh6 1/2-1/2

[Event "DEM U12 2005"]
[Site "Willingen GER"]
[Date "2005.05.18"]
[Round "6"]
[White "Popov, Xenia"]
[Black "Falke, Cynthia"]
[Result "1/2-1/2"]
[Termination "normal"]
[Board "44"]
[WhiteElo "1306"]
[BlackElo "1190"]
[PlyCount "118"]
[BlackFideId "24600644"]
[EventCountry "GER"]
[EventRounds "11"]
[EventType "swiss"]
[EventDate "2005.05.15"]

1. d4 d5 2. Nf3 Nf6 3. Bf4 c5 4. e3 b6 5. c3 Bb7 6. Bd3 e6 7. Nbd2 Be7 8. O-O
Nbd7 9. Re1 O-O 10. Rc1 Re8 11. Qe2 Rc8 12. Bb1 h6 13. Ne5 Bd6 14. Qd3 Qc7 15.
Nxd7 Qxd7 16. Be5 Bxe5 17. dxe5 c4 18. Qc2 Ne4 19. Nxe4 dxe4 20. Rcd1 Qc7 21.
Rd6 Bd5 22. f3 f5 23. f4 g5 24. g3 Qg7 25. Qg2 Re7 26. Bc2 Kh8 27. Re2 Rg8 28.
Kf1 Qg6 29. Ba4 Reg7 30. Rd7 a6 31. Rxg7 Qxg7 32. Rd2 b5 33. Bd1 gxf4 34. gxf4
Qxg2+ 35. Rxg2 Rxg2 36. Kxg2 Kg7 37. Bh5 a5 38. a3 Kf8 39. Kh3 Bc6 40. Kh4 Bd7
41. Kg3 Kg8 42. Kf2 Kf8 43. Ke2 Ke7 44. Kd2 Bc6 45. Bd1 a4 46. Ke1 Be8 47. Kf2
Kf8 48. Kg3 Kg7 49. Kh4 Kh7 50. h3 Bf7 51. Bc2 Be8 52. Kg3 Bh5 53. Kh4 Kg6 54.
Kg3 Bf3 55. Kh4 Bh5 56. Kg3 Bf3 57. Kh4 Bh5 58. Kg3 Bf3 59. Kh4 Bh5 1/2-1/2

[Event "DEM U12 2005"]
[Site "Willingen GER"]
[Date "2005.05.18"]
[Round "6"]
[White "Weber, Max"]
[Black "Zimmerer, Leah"]
[Result "0-1"]
[Termination "normal"]
[Board "46"]
[WhiteElo "1128"]
[BlackElo "1243"]
[PlyCount "44"]
[WhiteFideId "4624831"]
[BlackFideId "4620240"]
[EventCountry "GER"]
[EventRounds "11"]
[EventType "swiss"]
[EventDate "2005.05.15"]

1. e4 c5 2. Nf3 Nc6 3. d4 cxd4 4. Nxd4 Nf6 5. Nc3 e5 6. Nf3 Bb4 7. Bd3 Bxc3+ 8.
bxc3 d5 9. exd5 Nxd5 10. Bd2 b6 11. O-O Bb7 12. Re1 f6 13. c4 Nde7 14. Bc3 O-O
15. Qe2 Qc7 16. Rad1 Rad8 17. Qe4 f5 18. Qh4 Ng6 19. Qh3 Nf4 20. Qh4 Rf6 21.
Bxe5 Nxe5 22. Qxf4 Nxf3+ 0-1

[Event "DEM U12 2005"]
[Site "Willingen GER"]
[Date "2005.05.18"]
[Round "6"]
[White "Mytyukova, Yevgeniya"]
[Black "Rau, Carla"]
[Result "1-0"]
[Termination "normal"]
[Board "47"]
[WhiteElo "1201"]
[BlackElo "1063"]
[PlyCount "49"]
[EventCountry "GER"]
[EventRounds "11"]
[EventType "swiss"]
[EventDate "2005.05.15"]

1. e4 c5 2. Nf3 Nc6 3. d4 cxd4 4. Nxd4 g6 5. Nc3 Bg7 6. Be3 Nf6 7. Qd2 d5 8.
exd5 Nxd5 9. Bb5 Bxd4 10. Qxd4 Be6 11. Qxh8+ Kd7 12. Qxd8+ Rxd8 13. Nxd5 Bxd5
14. O-O-O Ke6 15. Bxc6 bxc6 16. Rhe1 Rc8 17. Bxa7+ Kf5 18. Rxe7 Bxa2 19. b3 c5
20. Rdd7 c4 21. Rc7 Rxc7 22. Rxc7 cxb3 23. Kb2 bxc2 24. Kxa2 c1=Q 25. Rxc1 1-0

[Event "DEM U12 2005"]
[Site "Willingen GER"]
[Date "2005.05.18"]
[Round "6"]
[White "Vyelina, Valeriya"]
[Black "von Wardenburg, Jendrik"]
[Result "0-1"]
[Termination "normal"]
[Board "48"]
[WhiteElo "885"]
[BlackElo "965"]
[PlyCount "62"]
[WhiteFideId "24677345"]
[EventCountry "GER"]
[EventRounds "11"]
[EventType "swiss"]
[EventDate "2005.05.15"]

1. e4 e5 2. Nf3 Nc6 3. Bc4 Bc5 4. c3 Nf6 5. d4 exd4 6. e5 Ng4 7. cxd4 Bb4+ 8.
Nc3 O-O 9. h3 d5 10. Bb3 Ngxe5 11. dxe5 d4 12. a3 Ba5 13. Qc2 dxc3 14. bxc3 Nd4
15. Nxd4 Qxd4 16. Bb2 Qxe5+ 17. Kf1 Bf5 18. Qd2 Rad8 19. Qe3 Qxe3 20. fxe3 Rfe8
21. Ke2 Bd3+ 22. Kf3 Be4+ 23. Kf2 Rd2+ 24. Kg3 Rxg2+ 25. Kh4 g5+ 26. Kh5 Rxb2
27. Bxf7+ Kxf7 28. Rhf1+ Kg7 29. Rad1 Bg6+ 30. Kg4 Rg2+ 31. Kf3 Be4# 0-1

[Event "DEM U12 2005"]
[Site "Willingen GER"]
[Date "2005.05.18"]
[Round "6"]
[White "Thiele, Eileen"]
[Black "Thewes, Anna Christina"]
[Result "1-0"]
[Termination "normal"]
[Board "49"]
[WhiteElo "929"]
[BlackElo "918"]
[PlyCount "45"]
[EventCountry "GER"]
[EventRounds "11"]
[EventType "swiss"]
[EventDate "2005.05.15"]

1. e4 e5 2. Nf3 Nc6 3. Bc4 Nf6 4. Nc3 Bc5 5. O-O d6 6. d3 h6 7. h3 O-O 8. Be3
Bxe3 9. fxe3 Bd7 10. Rf2 Na5 11. Bb3 Nxb3 12. axb3 c6 13. Kh2 Qb6 14. Qe2 c5
15. Raf1 Be6 16. Nh4 Nh7 17. Nd5 Bxd5 18. exd5 Ng5 19. e4 Qc7 20. Nf5 Qd7 21.
Qg4 f6 22. h4 Nh7 23. Nxh6+ 1-0